Normal view
MARC view
Entry Personal Name
001 - CONTROL NUMBER
- control field: 22853
003 - CONTROL NUMBER IDENTIFIER
- control field: OSt
005 - DATE AND TIME OF LATEST TRANSACTION
- control field: 20211105134708.0
008 - FIXED-LENGTH DATA ELEMENTS
- fixed length control field: 211105|| aca||aabn | a|a d
040 ## - CATALOGING SOURCE
- Original cataloging agency: OSt
- Transcribing agency: OSt
100 ## - HEADING--PERSONAL NAME
- Personal name: Margolis, B., ed
670 ## - SOURCE DATA FOUND
- Source citation: Work cat.: (OSt): Annual Montreal-Rochester-Syracuse-Toronto Meeting 16th Montreal 1994 May 11-13 22850, What next?-exploring the future of high-energy physics, 1994